| 000 | 00898cam a2200301 i 4500 | ||
|---|---|---|---|
| 001 | 3653497 | ||
| 003 | OSt | ||
| 005 | 20140311130134.0 | ||
| 008 | 761005s1977 mau 000 0aeng | ||
| 010 | _a 76047690 | ||
| 020 | _a0395251028 | ||
| 040 |
_aDLC _cDLC _dDLC |
||
| 043 |
_an-us-tx _an-usu-- |
||
| 050 | 0 | 0 |
_aE 185.61 _b.G851 1977 |
| 082 | 0 | 0 |
_aM 975.004960 _bG87 1961 |
| 100 | 1 |
_aGriffin, John Howard, _d1920-1980. |
|
| 245 | 1 | 0 |
_aBlack like me _cGriffin, John Howard |
| 250 | _bwith a new epilogue by the author. | ||
| 260 |
_aBoston : _bHoughton Mifflin, _c1961. |
||
| 300 |
_a208 p. ; _c22 cm. |
||
| 600 | 1 | 0 |
_aGriffin, John Howard, _d1920-1980. |
| 650 | 0 |
_aAfrican Americans _zSouthern States. |
|
| 651 | 0 |
_aSouthern States _xRace relations. |
|
| 651 | 0 |
_aTexas _vBiography. |
|
| 906 |
_a7 _bcbc _corignew _d1 _eocip _f19 _gy-gencatlg |
||
| 942 |
_2lcc _cBK _kM |
||
| 999 |
_c35445 _d35445 |
||